000 01040nam a22003010a 4500
001 PT26612
003 AR-LpoUNG
005 20210131233304.0
008 191001s2000||||ag |||||||||||||||||eng d
020 _a9509255769
_c$5
040 _aAR-LpoUNG
_bspa
_cAR-LpoUNG
_eaacr
041 _aeng
044 _aag
082 0 _aR423 712int
245 1 0 _aInternational english learner's dictionary
250 _a1ra. ed.
260 _aBuenos Aires :
_bKel,
_c2000.
300 _a917 p. :
_bil., mapas
520 _a<p>Este nuevo diccionario de inglés, por primera vez, permite resolver problemas que se presenten desde un tipo de discurso familiar o coloquial hasta dudas sobre literatura inglesa y términos utilizados en el área de los negocios.</p>
650 4 _aDICCIONARIOS
650 4 _aLENGUA INGLESA
650 4 _aMATERIAL DE REFERENCIA
651 4 _aDOCUMENTOS TEORICOS O METODOLOGICOS
653 _aDICCIONARIOS DE INGLES
710 2 _aPeter Collin Publishins (Firma comercial)
905 _a26612
942 _cLSALA
999 _c19913
_d19913